<?xml version="1.0" encoding="UTF-8"?>
<record
    xmlns:xsi="http://www.w3.org/2001/XMLSchema-instance"
    xsi:schemaLocation="http://www.loc.gov/MARC21/slim http://www.loc.gov/standards/marcxml/schema/MARC21slim.xsd"
    xmlns="http://www.loc.gov/MARC21/slim">

  <leader>03991nam a22004697a 4500</leader>
  <controlfield tag="005">20080806125525.0</controlfield>
  <controlfield tag="008">080806t        xxu||||| |||| 00| 0 eng d</controlfield>
  <datafield tag="010" ind1=" " ind2=" ">
    <subfield code="a">B-331327-342</subfield>
  </datafield>
  <datafield tag="020" ind1=" " ind2=" ">
    <subfield code="a">9780590516730</subfield>
    <subfield code="c">95.00</subfield>
  </datafield>
  <datafield tag="020" ind1=" " ind2=" ">
    <subfield code="a">0590516736</subfield>
    <subfield code="c">95.00</subfield>
  </datafield>
  <datafield tag="035" ind1=" " ind2=" ">
    <subfield code="a">B-331327-342</subfield>
  </datafield>
  <datafield tag="035" ind1=" " ind2=" ">
    <subfield code="a">B-358600</subfield>
  </datafield>
  <datafield tag="037" ind1=" " ind2=" ">
    <subfield code="b">The wise owl</subfield>
  </datafield>
  <datafield tag="040" ind1=" " ind2=" ">
    <subfield code="a">dpl</subfield>
    <subfield code="b">English </subfield>
  </datafield>
  <datafield tag="082" ind1=" " ind2=" ">
    <subfield code="a">S</subfield>
  </datafield>
  <datafield tag="100" ind1=" " ind2=" ">
    <subfield code="a">Stine, R.L. </subfield>
  </datafield>
  <datafield tag="245" ind1=" " ind2=" ">
    <subfield code="a">Hocus-pocus horror /</subfield>
    <subfield code="c">by R.L. Stine</subfield>
  </datafield>
  <datafield tag="260" ind1=" " ind2=" ">
    <subfield code="b">Scholastic India </subfield>
    <subfield code="c">2008</subfield>
    <subfield code="a">New York</subfield>
  </datafield>
  <datafield tag="270" ind1=" " ind2=" ">
    <subfield code="a">550 A, Pace City-II, Sector - 37, </subfield>
    <subfield code="b">Gurgaon</subfield>
    <subfield code="e">122004</subfield>
    <subfield code="k">2212432</subfield>
  </datafield>
  <datafield tag="300" ind1=" " ind2=" ">
    <subfield code="a">137p.</subfield>
    <subfield code="c">19cm. (pbk)</subfield>
  </datafield>
  <datafield tag="490" ind1=" " ind2=" ">
    <subfield code="a">Goosebumps - 35</subfield>
  </datafield>
  <datafield tag="942" ind1=" " ind2=" ">
    <subfield code="c">CH</subfield>
    <subfield code="2">ddc</subfield>
    <subfield code="m">STI</subfield>
    <subfield code="h">S</subfield>
  </datafield>
  <datafield tag="999" ind1=" " ind2=" ">
    <subfield code="c">21247</subfield>
    <subfield code="d">21247</subfield>
  </datafield>
  <datafield tag="952" ind1=" " ind2=" ">
    <subfield code="0">0</subfield>
    <subfield code="1">0</subfield>
    <subfield code="2">ddc</subfield>
    <subfield code="4">0</subfield>
    <subfield code="7">0</subfield>
    <subfield code="8">FIC</subfield>
    <subfield code="a">L</subfield>
    <subfield code="b">L</subfield>
    <subfield code="d">2009-08-10</subfield>
    <subfield code="e">The Wise Owl/005/15.5.09/15/23.4.09/3.6.09 </subfield>
    <subfield code="g">95.00</subfield>
    <subfield code="l">1</subfield>
    <subfield code="o">S STI</subfield>
    <subfield code="p">B-331327</subfield>
    <subfield code="r">2017-08-11 00:00:00</subfield>
    <subfield code="s">2017-07-22</subfield>
    <subfield code="t">1</subfield>
    <subfield code="v">95.00</subfield>
    <subfield code="w">2009-08-10</subfield>
    <subfield code="y">CH</subfield>
  </datafield>
  <datafield tag="952" ind1=" " ind2=" ">
    <subfield code="0">1</subfield>
    <subfield code="1">0</subfield>
    <subfield code="2">ddc</subfield>
    <subfield code="4">0</subfield>
    <subfield code="7">0</subfield>
    <subfield code="8">FIC</subfield>
    <subfield code="a">BL1</subfield>
    <subfield code="b">BL1</subfield>
    <subfield code="d">2009-08-10</subfield>
    <subfield code="e">The Wise Owl/005/15.5.09/15/23.4.09/3.6.09 </subfield>
    <subfield code="g">95.00</subfield>
    <subfield code="l">0</subfield>
    <subfield code="o">S STI</subfield>
    <subfield code="p">B-331328</subfield>
    <subfield code="r">2009-08-10 00:00:00</subfield>
    <subfield code="t">1</subfield>
    <subfield code="v">95.00</subfield>
    <subfield code="w">2009-08-10</subfield>
    <subfield code="y">CH</subfield>
  </datafield>
  <datafield tag="952" ind1=" " ind2=" ">
    <subfield code="0">0</subfield>
    <subfield code="1">0</subfield>
    <subfield code="2">ddc</subfield>
    <subfield code="4">0</subfield>
    <subfield code="7">0</subfield>
    <subfield code="8">FIC</subfield>
    <subfield code="a">KGM</subfield>
    <subfield code="b">KGM</subfield>
    <subfield code="d">2009-08-10</subfield>
    <subfield code="e">The Wise Owl/005/15.5.09/15/23.4.09/3.6.09 </subfield>
    <subfield code="g">95.00</subfield>
    <subfield code="l">1</subfield>
    <subfield code="o">S STI</subfield>
    <subfield code="p">B-331329</subfield>
    <subfield code="r">2023-04-03 00:00:00</subfield>
    <subfield code="s">2023-03-27</subfield>
    <subfield code="t">1</subfield>
    <subfield code="v">95.00</subfield>
    <subfield code="w">2009-08-10</subfield>
    <subfield code="y">CH</subfield>
  </datafield>
  <datafield tag="952" ind1=" " ind2=" ">
    <subfield code="0">0</subfield>
    <subfield code="1">0</subfield>
    <subfield code="2">ddc</subfield>
    <subfield code="4">0</subfield>
    <subfield code="7">0</subfield>
    <subfield code="8">FIC</subfield>
    <subfield code="a">PR</subfield>
    <subfield code="b">PR</subfield>
    <subfield code="d">2009-08-10</subfield>
    <subfield code="e">The Wise Owl/005/15.5.09/15/23.4.09/3.6.09 </subfield>
    <subfield code="g">95.00</subfield>
    <subfield code="l">0</subfield>
    <subfield code="o">S STI</subfield>
    <subfield code="p">B-331330</subfield>
    <subfield code="r">2009-08-10 00:00:00</subfield>
    <subfield code="t">1</subfield>
    <subfield code="v">95.00</subfield>
    <subfield code="w">2009-08-10</subfield>
    <subfield code="y">CH</subfield>
  </datafield>
  <datafield tag="952" ind1=" " ind2=" ">
    <subfield code="0">0</subfield>
    <subfield code="1">0</subfield>
    <subfield code="2">ddc</subfield>
    <subfield code="4">0</subfield>
    <subfield code="7">0</subfield>
    <subfield code="8">FIC</subfield>
    <subfield code="a">ZLS</subfield>
    <subfield code="b">ZLS</subfield>
    <subfield code="d">2009-08-10</subfield>
    <subfield code="e">The Wise Owl/005/15.5.09/15/23.4.09/3.6.09 </subfield>
    <subfield code="g">95.00</subfield>
    <subfield code="l">0</subfield>
    <subfield code="o">S STI</subfield>
    <subfield code="p">B-331331</subfield>
    <subfield code="r">2009-08-10 00:00:00</subfield>
    <subfield code="t">1</subfield>
    <subfield code="v">95.00</subfield>
    <subfield code="w">2009-08-10</subfield>
    <subfield code="y">CH</subfield>
  </datafield>
  <datafield tag="952" ind1=" " ind2=" ">
    <subfield code="0">0</subfield>
    <subfield code="1">5</subfield>
    <subfield code="2">ddc</subfield>
    <subfield code="4">0</subfield>
    <subfield code="7">0</subfield>
    <subfield code="8">FIC</subfield>
    <subfield code="a">RKP</subfield>
    <subfield code="b">RKP</subfield>
    <subfield code="d">2009-08-10</subfield>
    <subfield code="e">The Wise Owl/005/15.5.09/15/23.4.09/3.6.09 </subfield>
    <subfield code="g">95.00</subfield>
    <subfield code="l">0</subfield>
    <subfield code="o">S STI</subfield>
    <subfield code="p">B-331332</subfield>
    <subfield code="r">2009-08-10 00:00:00</subfield>
    <subfield code="t">1</subfield>
    <subfield code="v">95.00</subfield>
    <subfield code="y">CH</subfield>
  </datafield>
  <datafield tag="952" ind1=" " ind2=" ">
    <subfield code="0">1</subfield>
    <subfield code="1">0</subfield>
    <subfield code="2">ddc</subfield>
    <subfield code="4">0</subfield>
    <subfield code="7">0</subfield>
    <subfield code="8">FIC</subfield>
    <subfield code="a">AG</subfield>
    <subfield code="b">AG</subfield>
    <subfield code="d">2009-08-10</subfield>
    <subfield code="e">The Wise Owl/005/15.5.09/15/23.4.09/3.6.09 </subfield>
    <subfield code="g">95.00</subfield>
    <subfield code="l">0</subfield>
    <subfield code="o">S STI</subfield>
    <subfield code="p">B-331333</subfield>
    <subfield code="r">2009-08-10 00:00:00</subfield>
    <subfield code="t">1</subfield>
    <subfield code="v">95.00</subfield>
    <subfield code="w">2009-08-10</subfield>
    <subfield code="y">CH</subfield>
  </datafield>
  <datafield tag="952" ind1=" " ind2=" ">
    <subfield code="0">0</subfield>
    <subfield code="1">5</subfield>
    <subfield code="2">ddc</subfield>
    <subfield code="4">0</subfield>
    <subfield code="7">0</subfield>
    <subfield code="8">FIC</subfield>
    <subfield code="a">SP</subfield>
    <subfield code="b">SP</subfield>
    <subfield code="d">2009-08-10</subfield>
    <subfield code="e">The Wise Owl/005/15.5.09/15/23.4.09/3.6.09 </subfield>
    <subfield code="g">95.00</subfield>
    <subfield code="l">0</subfield>
    <subfield code="o">S STI</subfield>
    <subfield code="p">B-331334</subfield>
    <subfield code="r">2009-08-10 00:00:00</subfield>
    <subfield code="t">1</subfield>
    <subfield code="v">95.00</subfield>
    <subfield code="y">CH</subfield>
  </datafield>
  <datafield tag="952" ind1=" " ind2=" ">
    <subfield code="0">0</subfield>
    <subfield code="1">0</subfield>
    <subfield code="2">ddc</subfield>
    <subfield code="4">0</subfield>
    <subfield code="7">0</subfield>
    <subfield code="8">FIC</subfield>
    <subfield code="a">JB</subfield>
    <subfield code="b">JB</subfield>
    <subfield code="d">2009-08-10</subfield>
    <subfield code="e">The Wise Owl/005/15.5.09/15/23.4.09/3.6.09 </subfield>
    <subfield code="g">95.00</subfield>
    <subfield code="l">0</subfield>
    <subfield code="o">S STI</subfield>
    <subfield code="p">B-331335</subfield>
    <subfield code="r">2009-08-10 00:00:00</subfield>
    <subfield code="t">1</subfield>
    <subfield code="v">95.00</subfield>
    <subfield code="w">2009-08-10</subfield>
    <subfield code="y">CH</subfield>
  </datafield>
  <datafield tag="952" ind1=" " ind2=" ">
    <subfield code="0">0</subfield>
    <subfield code="1">0</subfield>
    <subfield code="2">ddc</subfield>
    <subfield code="4">0</subfield>
    <subfield code="7">0</subfield>
    <subfield code="8">FIC</subfield>
    <subfield code="a">VP</subfield>
    <subfield code="b">VP</subfield>
    <subfield code="d">2009-08-10</subfield>
    <subfield code="e">The Wise Owl/005/15.5.09/15/23.4.09/3.6.09 </subfield>
    <subfield code="g">95.00</subfield>
    <subfield code="l">3</subfield>
    <subfield code="o">S STI</subfield>
    <subfield code="p">B-331336</subfield>
    <subfield code="q">2020-01-10</subfield>
    <subfield code="r">2019-12-27 00:00:00</subfield>
    <subfield code="s">2019-12-27</subfield>
    <subfield code="t">1</subfield>
    <subfield code="v">95.00</subfield>
    <subfield code="w">2009-08-10</subfield>
    <subfield code="y">CH</subfield>
  </datafield>
  <datafield tag="952" ind1=" " ind2=" ">
    <subfield code="0">0</subfield>
    <subfield code="1">0</subfield>
    <subfield code="2">ddc</subfield>
    <subfield code="4">0</subfield>
    <subfield code="7">0</subfield>
    <subfield code="8">FIC</subfield>
    <subfield code="a">BL3</subfield>
    <subfield code="b">BL3</subfield>
    <subfield code="d">2009-08-10</subfield>
    <subfield code="e">The Wise Owl/005/15.5.09/15/23.4.09/3.6.09 </subfield>
    <subfield code="g">95.00</subfield>
    <subfield code="l">0</subfield>
    <subfield code="o">S STI</subfield>
    <subfield code="p">B-331337</subfield>
    <subfield code="r">2009-08-10 00:00:00</subfield>
    <subfield code="t">1</subfield>
    <subfield code="v">95.00</subfield>
    <subfield code="w">2009-08-10</subfield>
    <subfield code="y">CH</subfield>
  </datafield>
  <datafield tag="952" ind1=" " ind2=" ">
    <subfield code="0">0</subfield>
    <subfield code="1">0</subfield>
    <subfield code="2">ddc</subfield>
    <subfield code="4">0</subfield>
    <subfield code="7">0</subfield>
    <subfield code="8">FIC</subfield>
    <subfield code="a">BKK</subfield>
    <subfield code="b">BKK</subfield>
    <subfield code="d">2009-08-10</subfield>
    <subfield code="e">The Wise Owl/005/15.5.09/15/23.4.09/3.6.09 </subfield>
    <subfield code="g">95.00</subfield>
    <subfield code="l">0</subfield>
    <subfield code="o">S STI</subfield>
    <subfield code="p">B-331338</subfield>
    <subfield code="r">2009-08-10 00:00:00</subfield>
    <subfield code="t">1</subfield>
    <subfield code="v">95.00</subfield>
    <subfield code="w">2009-08-10</subfield>
    <subfield code="y">CH</subfield>
  </datafield>
  <datafield tag="952" ind1=" " ind2=" ">
    <subfield code="0">0</subfield>
    <subfield code="1">0</subfield>
    <subfield code="2">ddc</subfield>
    <subfield code="4">0</subfield>
    <subfield code="7">0</subfield>
    <subfield code="8">FIC</subfield>
    <subfield code="a">NR</subfield>
    <subfield code="b">NR</subfield>
    <subfield code="d">2009-08-10</subfield>
    <subfield code="e">The Wise Owl/005/15.5.09/15/23.4.09/3.6.09 </subfield>
    <subfield code="g">95.00</subfield>
    <subfield code="l">0</subfield>
    <subfield code="o">S STI</subfield>
    <subfield code="p">B-331339</subfield>
    <subfield code="r">2009-08-10 00:00:00</subfield>
    <subfield code="t">1</subfield>
    <subfield code="v">95.00</subfield>
    <subfield code="w">2009-08-10</subfield>
    <subfield code="y">CH</subfield>
  </datafield>
  <datafield tag="952" ind1=" " ind2=" ">
    <subfield code="0">0</subfield>
    <subfield code="1">0</subfield>
    <subfield code="2">ddc</subfield>
    <subfield code="4">0</subfield>
    <subfield code="7">0</subfield>
    <subfield code="8">FIC</subfield>
    <subfield code="a">BN</subfield>
    <subfield code="b">BN</subfield>
    <subfield code="d">2009-08-10</subfield>
    <subfield code="e">The Wise Owl/005/15.5.09/15/23.4.09/3.6.09 </subfield>
    <subfield code="g">95.00</subfield>
    <subfield code="l">0</subfield>
    <subfield code="o">S STI</subfield>
    <subfield code="p">B-331340</subfield>
    <subfield code="r">2009-08-10 00:00:00</subfield>
    <subfield code="t">1</subfield>
    <subfield code="v">95.00</subfield>
    <subfield code="w">2009-08-10</subfield>
    <subfield code="y">CH</subfield>
  </datafield>
  <datafield tag="952" ind1=" " ind2=" ">
    <subfield code="0">0</subfield>
    <subfield code="1">0</subfield>
    <subfield code="2">ddc</subfield>
    <subfield code="4">0</subfield>
    <subfield code="7">0</subfield>
    <subfield code="8">FIC</subfield>
    <subfield code="a">BL4</subfield>
    <subfield code="b">BL4</subfield>
    <subfield code="d">2009-08-10</subfield>
    <subfield code="e">The Wise Owl/005/15.5.09/15/23.4.09/3.6.09 </subfield>
    <subfield code="g">95.00</subfield>
    <subfield code="l">0</subfield>
    <subfield code="o">S STI</subfield>
    <subfield code="p">B-331341</subfield>
    <subfield code="r">2009-08-10 00:00:00</subfield>
    <subfield code="t">1</subfield>
    <subfield code="v">95.00</subfield>
    <subfield code="w">2009-08-10</subfield>
    <subfield code="y">CH</subfield>
  </datafield>
  <datafield tag="952" ind1=" " ind2=" ">
    <subfield code="0">0</subfield>
    <subfield code="1">0</subfield>
    <subfield code="2">ddc</subfield>
    <subfield code="4">0</subfield>
    <subfield code="7">0</subfield>
    <subfield code="8">FIC</subfield>
    <subfield code="a">RC3</subfield>
    <subfield code="b">RC3</subfield>
    <subfield code="d">2009-08-10</subfield>
    <subfield code="e">The Wise Owl/005/15.5.09/15/23.4.09/3.6.09 </subfield>
    <subfield code="g">95.00</subfield>
    <subfield code="l">0</subfield>
    <subfield code="o">S STI</subfield>
    <subfield code="p">B-331342</subfield>
    <subfield code="r">2009-08-10 00:00:00</subfield>
    <subfield code="t">1</subfield>
    <subfield code="v">95.00</subfield>
    <subfield code="w">2009-08-10</subfield>
    <subfield code="y">CH</subfield>
  </datafield>
  <datafield tag="952" ind1=" " ind2=" ">
    <subfield code="0">0</subfield>
    <subfield code="1">5</subfield>
    <subfield code="2">ddc</subfield>
    <subfield code="4">0</subfield>
    <subfield code="7">0</subfield>
    <subfield code="8">FIC</subfield>
    <subfield code="a">JP</subfield>
    <subfield code="b">JP</subfield>
    <subfield code="d">2009-09-26</subfield>
    <subfield code="e">The Wise Owl/018/14.9.09/91/2.9.09/16.9.09</subfield>
    <subfield code="g">95.00</subfield>
    <subfield code="l">1</subfield>
    <subfield code="o">S STI</subfield>
    <subfield code="p">B-358600</subfield>
    <subfield code="r">2018-06-28 00:00:00</subfield>
    <subfield code="s">2009-10-30</subfield>
    <subfield code="t">1</subfield>
    <subfield code="v">95.00</subfield>
    <subfield code="y">CH</subfield>
  </datafield>
</record>
